[Event "CZE-chTW U20 1213"]
[Site "Czech Republic"]
[Date "2012.12.08"]
[Round "5.4"]
[White "Zolnercik, Martin"]
[Black "Novak, Jan1111"]
[Result "1-0"]
[WhiteElo "1511"]
[BlackElo "1663"]
[PlyCount "43"]
[EventDate "2012.10.06"]
[EventType "team-tourn"]
[EventRounds "11"]
[EventCountry "CZE"]
[SourceTitle "EXT 2015"]
[Source "ChessBase"]
[SourceDate "2014.11.20"]
[SourceVersion "1"]
[SourceVersionDate "2014.11.20"]
[SourceQuality "1"]
[WhiteTeam "Praha Bohemians (U20)"]
[BlackTeam "Liberec Desko (U20)"]
[WhiteTeamCountry "CZE"]
[BlackTeamCountry "CZE"]

1. e4 c6 2. d4 d5 3. e5 Bf5 4. c3 Nd7 5. Bd3 Bxd3 6. Qxd3 e6 7. Nf3 Be7 8. 0-0 Qc7 9. Bd2 Nb6 10. b3 h6 11. Rc1 0-0-0 12. c4 dxc4 13. bxc4 c5 14. Na3 a6 15. Ba5 cxd4 16. c5 Bxc5 17. Nc4 Kb8 18. Nxb6 Qe7 19. Na4 Rd5 20. Rab1 f6 21. Qxa6 d3 22. Nxc5 1-0

[Event "CZE-chTW U20 1213"]
[Site "Czech Republic"]
[Date "2012.10.07"]
[Round "3.4"]
[White "Zolnercik, Martin"]
[Black "Pychova, Nela"]
[Result "1/2-1/2"]
[WhiteElo "1511"]
[BlackElo "1795"]
[PlyCount "163"]
[EventDate "2012.10.06"]
[EventType "team-tourn"]
[EventRounds "11"]
[EventCountry "CZE"]
[SourceTitle "EXT 2015"]
[Source "ChessBase"]
[SourceDate "2014.11.20"]
[SourceVersion "1"]
[SourceVersionDate "2014.11.20"]
[SourceQuality "1"]
[WhiteTeam "Praha Bohemians (U20)"]
[BlackTeam "Vlasim (U20)"]
[WhiteTeamCountry "CZE"]
[BlackTeamCountry "CZE"]

1. e4 c5 2. c3 d5 3. exd5 Qxd5 4. d4 Nf6 5. Nf3 Bg4 6. Be2 e6 7. h3 Bh5 8. Be3 cxd4 9. cxd4 Bb4+ 10. Nc3 0-0 11. 0-0 Bxc3 12. bxc3 Nc6 13. c4 Qd8 14. Qd2 Qa5 15. Qxa5 Nxa5 16. Rac1 Rac8 17. g4 Bg6 18. Ne5 Rfd8 19. Rfd1 Nc6 20. Nxg6 hxg6 21. Bf3 Na5 22. Be2 Ne4 23. f3 Nd6 24. c5 Ne8 25. g5 Nc6 26. Bc4 Na5 27. Bd3 Nc7 28. Bf2 Rd7 29. Be4 Nd5 30. Bg3 Nc6 31. a3 f5 32. gxf6 gxf6 33. Bd6 Nce7 34. Re1 Kf7 35. Bc2 Nc6 36. Ba4 Nc7 37. Re4 Ne8 38. Bb3 Nd8 39. Bg3 f5 40. Rh4 Nf6 41. Be5 Nc6 42. Re1 Nd8 43. Bd6 b6 44. Rh8 bxc5 45. dxc5 Kg7 46. Rh4 g5 47. Rd4 Kf7 48. Re5 Rb7 49. Rb4 Rxb4 50. axb4 f4 51. Rxg5 Nc6 52. Bxf4 Nxb4 53. Re5 Rc6 54. Ba4 Ra6 55. Bb5 Ra1+ 56. Kg2 Ra2+ 57. Kg3 Rc2 58. Be3 a6 59. Ba4 Re2 60. c6 Nbd5 61. Bb3 a5 62. Bd4 Rd2 63. Bc3 Rd3 64. Bxd5 Nxd5 65. Bxa5 Rd1 66. Rh5 Rc1 67. c7 Kg7 68. Re5 Kf6 69. f4 Nxc7 70. Bxc7 Rxc7 71. h4 Rg7+ 72. Rg5 Rd7 73. Kg4 Rd4 74. h5 Rd1 75. Rg6+ Kf7 76. Kg5 Rd5+ 77. Kh6 Rf5 78. Rg7+ Kf8 79. Rg4 Kf7 80. Rg7+ Kf6 81. Rg8 Kf7 82. Rg7+ 1/2-1/2

[Event "CZE-ch U10"]
[Site "Zlate Hory"]
[Date "2006.03.14"]
[Round "4"]
[White "Zolnercik, Martin"]
[Black "Kaftan, Petr"]
[Result "0-1"]
[WhiteElo "1323"]
[BlackElo "1517"]
[PlyCount "72"]
[EventDate "2006.03.11"]
[EventType "swiss"]
[EventRounds "9"]
[EventCountry "CZE"]
[SourceTitle "EXT 2008"]
[Source "ChessBase"]
[SourceDate "2007.11.25"]
[SourceVersion "1"]
[SourceVersionDate "2007.11.25"]
[SourceQuality "1"]

1. e4 c5 2. Nf3 d6 3. d4 cxd4 4. Nxd4 Nf6 5. Nc3 g6 6. f3 Bg7 7. Be3 0-0 8. Qd2 Nc6 9. 0-0-0 Bd7 10. Be2 Rc8 11. h4 Ne5 12. g4 h5 13. Rdg1 Nc4 14. Bxc4 Rxc4 15. Qe2 Rc8 16. Nb3 a5 17. Bg5 Rxc3 18. Bxf6 Bxf6 19. bxc3 a4 20. gxh5 Kg7 21. Qg2 Be8 22. hxg6 fxg6 23. h5 Rh8 24. f4 axb3 25. axb3 Qa5 26. f5 Qa1+ 27. Kd2 Qxc3+ 28. Ke2 Bb5+ 29. Kd1 Qa1+ 30. Kd2 Qc3+ 31. Kc1 Qb2+ 32. Kd2 Bc3+ 33. Ke3 Bd4+ 34. Kf3 Qc3+ 35. Kf4 Qe3+ 36. Kg4 Be2+ 0-1